000 00514nam a22001937a 4500
001 sjds
003 sjds
005 20221231213023.0
008 220727b sp ||||| |||| 00| 0 spa d
020 _a9788427248632
020 _a 8427248636
040 _csjds
041 _aspa
100 1 0 _aMicklethwait, Lucy
245 _aDescubre el mundo de la pintura :
_btu primer libro de arte /
_cLucy Micklethwait
260 _aBarcelona :
_bMolino,
_c 1999
300 _a31 p. :
_b fot. ;
_c 35 cm
942 _cBK
_2ddc
999 _c27266
_d27266